000 00227nam a22000857a 4500
999 _c11583
_d11583
008 190724b ||||| |||| 00| 0 eng d
100 _aCervantes De Miguel
_97291
245 _aDon Quixote-Part-1
260 _aNew Delhi
_bCampfire
_c2016